Joseph and the Amazing Technicolour Dreamcoat - Close Every Door - Missing Lyrics - Statistics

General Stats
  • This quiz has been taken 106 times
  • The average score is 26 of 28
Answer Stats
Joseph % Correct
Close every {door} to me
100%
Close every {door} to me
100%
Close every {door} to me
100%
Do what you {want} with me
100%
Ask "Will I live or {die}?"
99%
Ask "Will I live or {die}?"
99%
Bar all the windows and {shut} out the light
99%
Children of Israel are never {alone}
99%
Children of Israel are never {alone}
99%
Keep those I {love} from me
99%
Keep those I {love} from me
99%
For I know I shall find my own peace of {mind}
97%
For we know we shall find our own piece of {mind}
97%
If my life were {important} I would
97%
If my life were {important} I would
97%
But I know the {answers} lie far from this world
95%
But I know the {answers} lie far from this world
95%
Hide all the {world} from me
94%
For I have been {promised} a land of my own
93%
For we have been {promised} a land of our own
93%
Hate me and {laugh} at me
93%
Destroy me completely then {throw} me away
88%
I'm only one {person}
86%
Instead of my {name}
84%
Forget all about me and let me {decay}
81%
I do not {matter}
81%
Just give me a {number}
81%
Darken my daytime and {torture} my night
73%
No matching quizzes found
Score Distribution
Percent of People with Each Score
Percentile by Number Answered
Your Score History
You have not taken this quiz